Textbook of Biochemistry for Dental Students (Record no. 22705)

MARC details
000 -LEADER
fixed length control field 00420nam a22001697a 4500
003 - CONTROL NUMBER IDENTIFIER
control field SGT
020 ## - INTERNATIONAL STANDARD BOOK NUMBER
International Standard Book Number 9789354657733
082 ## - DEWEY DECIMAL CLASSIFICATION NUMBER
Classification number 612.015
Item number B22V
100 ## - MAIN ENTRY--PERSONAL NAME
Personal name Vasudevan, D. M... [et. al.]
245 ## - TITLE STATEMENT
Title Textbook of Biochemistry for Dental Students
250 ## - EDITION STATEMENT
Edition statement 4th
260 ## - PUBLICATION, DISTRIBUTION, ETC. (IMPRINT)
Place of publication, distribution, etc New Delhi, India
Name of publisher, distributor, etc Jaypee Brothers
Year of Publication 2022
300 ## - PAGE DESCRIPTION
No. of Pages 309
650 ## - SUBJECT ADDED ENTRY--TOPICAL TERM
Topical term or geographic name as entry element Biochemistry
653 ## - KEYWORDS--INDEX TERM
Keyword term Biochemistry
942 ## - ADDED ENTRY ELEMENTS (KOHA)
Source of classification or shelving scheme Dewey Decimal Classification
Koha item type Books
942 ## - ADDED ENTRY ELEMENTS (KOHA)
-- 128
Holdings
Withdrawn status Lost status Source of classification or shelving scheme Damaged status Not for loan Home library Current library Date acquired Vendor Name Cost, normal purchase price SGTU Bill Number Total Checkouts Full call number Accession No. (Barcode) Date last seen Date last borrowed Bill Date Koha item type
    Dewey Decimal Classification     SGT Dental Library SGT Dental Library 05/05/2022 Ahuja Book Co. Pvt. Ltd. 795.00 SGTU 14353 30 612.015 B22V FD8615 02/09/2025 26/08/2025 16/04/2022 Books
    Dewey Decimal Classification     SGT Dental Library SGT Dental Library 05/05/2022 Ahuja Book Co. Pvt. Ltd. 795.00 SGTU 14353 31 612.015 B22V FD8616 30/08/2025 21/08/2025 16/04/2022 Books
    Dewey Decimal Classification     SGT Dental Library SGT Dental Library 05/05/2022 Ahuja Book Co. Pvt. Ltd. 795.00 SGTU 14353 35 612.015 B22V FD8617 06/01/2026 06/01/2026 16/04/2022 Books
    Dewey Decimal Classification     SGT Dental Library SGT Dental Library 05/05/2022 Ahuja Book Co. Pvt. Ltd. 795.00 SGTU 14353 26 612.015 B22V FD8618 13/04/2026 10/04/2026 16/04/2022 Books
    Dewey Decimal Classification     SGT Dental Library SGT Dental Library 05/05/2022 Ahuja Book Co. Pvt. Ltd. 795.00 SGTU 14353 49 612.015 B22V FD8619 28/08/2025 28/08/2025 16/04/2022 Books